000 00310nam a22001457a 4500
008 210303b ||||| |||| 00| 0 eng d
020 _a9781589480216
041 _aeng
080 _a91
082 _a91
100 _a42
101 _aGJEO
245 _aDesigning Geodatabases
_cArctur, D
942 _2udc
_cBK
999 _c55597
_d55597